Statistics for Words That Start With "L"

Click here to take the quiz!

General Stats

  • This quiz has been taken 75 times
    (37 since last reset)
  • The average score is 8 of 15

Answer Stats

Hint Answer % Correct
BathroomLavatory
94%
A small bug that is commonly found in human hairLice
94%
This is scraped from the screen in a dryer before starting a new loadLint
85%
If life handed you these it is recommended that you make a beverage from itLemons
85%
"Give me ____ or give me death!"Liberty
73%
What is the flavor of black jelly beans?Licorice
67%
The solidified fat of a hogLard
64%
Swished thoroughly in the mouth to reduce the risk of GingivitisListerine
52%
Country near IsraelLebanon
48%
Used to make soapLye
45%
Founded the first company to manufacture blue jeansLevi Strauss
33%
Member of "The Fellowship of the Ring"Legolas
27%
Disabled so that movement, especially walking, is difficult or impossibleLame
27%
Common term for ALSLou Gehrig's Disease
27%
American global aerospace, defense, security, and advanced technology companyLockheed Martin
9%

Score Distribution

Percentile by Number Answered

Percent of People with Each Score

Your Score History

You have not taken this quiz since the last reset